000 00520nam a2200193 a 4500
001 1774864341818
003 YourLibrary
005 20260330152417.0
008 260330s1999##################000#0#eng##
020 _a9780714649320
082 0 4 _a355.8330479
_bKNU
100 1 _aKnudsen, Olav,
_eauthor.
245 1 0 _aStability and Security in the Baltic Sea Region :
260 _bPsychology Press,
_c1999.
300 _a310 pages
650 0 _aHistory.
942 _cENGLISH
040 _aYourLibrary
_beng
_cYourLibrary
999 _c618241
_d618241